[Event "BL 1415 SG Solingen - SG Turm Trier"]
[Site "?"]
[Date "2015.04.11"]
[Round "14.2"]
[White "L'Ami, Erwin"]
[Black "Cyborowski, Lukasz"]
[Result "1-0"]
[WhiteElo "2632"]
[BlackElo "2522"]
[PlyCount "95"]
[EventDate "2015.??.??"]

1. d4 Nf6 2. c4 e6 3. Nc3 d5 4. Nf3 Be7 5. Bg5 O-O 6. e3 h6 7. Bh4 Ne4 8. Bg3
Nxg3 9. hxg3 c6 10. Bd3 dxc4 11. Bxc4 Nd7 12. Rc1 c5 13. O-O cxd4 14. exd4 Nf6
15. Ne5 Bd7 16. Qb3 Rb8 17. Rfd1 Bd6 18. Be2 Bc6 19. Bf3 Bxf3 20. gxf3 Qe7 21.
f4 Rfd8 22. Re1 Bc7 23. d5 Ba5 24. dxe6 Qxe6 25. Qxe6 fxe6 26. Nc4 Bxc3 27.
Rxc3 Rbc8 28. a4 Nd5 29. Rcc1 Nb4 30. Rxe6 Nd3 31. Rc2 Nc5 32. Nd6 Nxe6 33.
Rxc8 Rxc8 34. Nxc8 Nc5 35. a5 Nb3 36. Nxa7 Nxa5 37. Nb5 Nc4 38. b3 Na5 39. Nd4
Kf7 40. Kg2 Ke7 41. Kf3 g6 42. Ke4 Kd6 43. f5 gxf5+ 44. Nxf5+ Kc5 45. Nd4 b5
46. f4 Nb7 47. Ke5 Nd8 48. Ne6+ 1-0

[Event "BL 1415 SG Solingen - SG Turm Trier"]
[Site "?"]
[Date "2015.04.11"]
[Round "14.3"]
[White "Gordon, Stephen J"]
[Black "Nikolic, Predrag"]
[Result "0-1"]
[WhiteElo "2493"]
[BlackElo "2609"]
[PlyCount "114"]
[EventDate "2015.??.??"]

1. Nf3 Nf6 2. c4 e6 3. g3 a6 4. e3 c5 5. b3 Be7 6. Bb2 O-O 7. Nc3 d5 8. Bg2 Nc6
9. d4 dxc4 10. bxc4 Na5 11. Qd3 cxd4 12. exd4 Qc7 13. Nd2 Bd7 14. Rc1 Rac8 15.
Ne2 b5 16. c5 Bc6 17. O-O Rfd8 18. Bxc6 Nxc6 19. Qe3 Nd5 20. Qb3 a5 21. Ba1 Rb8
22. f4 a4 23. Qf3 Qd7 24. Rfd1 Bf8 25. Ne4 b4 26. Rd3 Na5 27. Nd2 g6 28. g4 f5
29. g5 h5 30. Bb2 Bg7 31. h4 Qc6 32. Kf2 Rd7 33. Kg3 Qa6 34. Ng1 Rbd8 35. Ne2
Kh7 36. Kf2 Nc7 37. Qe3 Rd5 38. Rc2 Nc6 39. Nf3 a3 40. Bc1 Qc8 41. Qd2 Nb5 42.
Rc4 Qa6 43. Rxb4 Nd6 44. cxd6 Nxb4 45. Rb3 Nc6 46. Bxa3 Na5 47. Rc3 Nb7 48. Qe3
Nxd6 49. Bxd6 R8xd6 50. a3 Rc6 51. Rd3 Rc2 52. Kg3 Ra5 53. Ne5 Qb7 54. Qf3 Qb1
55. Kf2 Rb5 56. Nxg6 Kxg6 57. Re3 Bxd4 0-1

[Event "BL 1415 SG Solingen - SG Turm Trier"]
[Site "?"]
[Date "2015.04.11"]
[Round "14.4"]
[White "Naumann, Alexander"]
[Black "Jaracz, Pawel"]
[Result "1/2-1/2"]
[WhiteElo "2548"]
[BlackElo "2506"]
[PlyCount "43"]
[EventDate "2015.??.??"]

1. d4 d5 2. c4 c6 3. Nf3 Nf6 4. Nc3 dxc4 5. a4 Bf5 6. Ne5 e6 7. f3 Bb4 8. Kf2
c5 9. e4 Bg6 10. Be3 cxd4 11. Qxd4 Qe7 12. Na2 Ba5 13. Nxc4 Bc7 14. Qc5 Qxc5
15. Bxc5 Nc6 16. Nc3 a6 17. Rd1 Nd7 18. Nd6+ Ke7 19. Nc8+ Ke8 20. Nd6+ Ke7 21.
Nc8+ Ke8 22. Nd6+ 1/2-1/2

[Event "BL 1415 SG Solingen - SG Turm Trier"]
[Site "?"]
[Date "2015.04.11"]
[Round "14.5"]
[White "Galyas, Miklos"]
[Black "Handke, Florian"]
[Result "1/2-1/2"]
[WhiteElo "2449"]
[BlackElo "2531"]
[PlyCount "69"]
[EventDate "2015.??.??"]

1. Nf3 d5 2. c4 c6 3. e3 Nf6 4. Nc3 g6 5. d4 Bg7 6. Be2 O-O 7. O-O a6 8. a4 b6
9. b3 Bb7 10. Ba3 Re8 11. cxd5 cxd5 12. Rc1 Nbd7 13. Ne5 e6 14. f4 Bf8 15. Bxf8
Rxf8 16. Bd3 Qe7 17. Rf2 Rac8 18. Nxd7 Nxd7 19. Na2 Qa3 20. Rxc8 Rxc8 21. Rc2
Nf6 22. h3 Rc6 23. Rxc6 Bxc6 24. Qc2 b5 25. Nc3 bxa4 26. bxa4 a5 27. Kh2 Kg7
28. Nb5 Bxb5 29. axb5 Nd7 30. Qc7 Qxd3 31. Qxd7 Qb1 32. Qc6 a4 33. b6 a3 34. b7
a2 35. Qa6 1/2-1/2

[Event "BL 1415 SG Solingen - SG Turm Trier"]
[Site "?"]
[Date "2015.04.11"]
[Round "14.6"]
[White "Appel, Ralf"]
[Black "Seger, Ruediger"]
[Result "1/2-1/2"]
[WhiteElo "2521"]
[BlackElo "2366"]
[PlyCount "120"]
[EventDate "2015.??.??"]

1. d4 Nf6 2. Nf3 g6 3. Bf4 Bg7 4. h3 O-O 5. e3 c5 6. c3 d6 7. dxc5 dxc5 8. Qxd8
Rxd8 9. Bc7 Rd7 10. Bh2 Rd8 11. Nbd2 Nc6 12. Bc4 b6 13. a4 Bb7 14. Nb3 Ne4 15.
a5 Rac8 16. axb6 axb6 17. O-O Nd6 18. Be2 e5 19. Nfd2 Ne7 20. Nc4 Nxc4 21. Bxc4
Ra8 22. Rxa8 Bxa8 23. Ra1 Bc6 24. Kf1 Kf8 25. Be2 Nc8 26. g4 f6 27. Ke1 Rd7 28.
Nd2 Ra7 29. Rxa7 Nxa7 30. f4 exf4 31. Bxf4 Ke8 32. Bc7 Nc8 33. Nc4 b5 34. Na5
Bd7 35. Bf3 Bf8 36. Nb7 c4 37. Bd5 h5 38. gxh5 gxh5 39. h4 Be7 40. Kf2 Kf8 41.
Nd8 Bd6 42. Ba5 Ne7 43. Be6 Bc6 44. Bh3 Bd5 45. Bd7 Ng6 46. Nc6 Nxh4 47. Nd4
Ng6 48. Nxb5 Bb8 49. Nc7 Bf7 50. Na6 Bd6 51. Bd8 Ne5 52. Bf5 Kg7 53. Nc7 Nd3+
54. Ke2 Bxc7 55. Bxc7 Nxb2 56. Bc2 h4 57. e4 Be6 58. Bf4 Nd3 59. Bxd3 cxd3+ 60.
Kxd3 Kf7 1/2-1/2

[Event "BL 1415 SG Solingen - SG Turm Trier"]
[Site "?"]
[Date "2015.04.11"]
[Round "14.7"]
[White "Kolbus, Dietmar"]
[Black "Andersen, Mads"]
[Result "1/2-1/2"]
[WhiteElo "2307"]
[BlackElo "2469"]
[PlyCount "50"]
[EventDate "2015.??.??"]

1. Nf3 d5 2. c4 c6 3. e3 Nf6 4. d4 e6 5. Bd3 Nbd7 6. O-O dxc4 7. Bxc4 Bd6 8.
Nc3 b5 9. Bd3 Bb7 10. Ne4 Nxe4 11. Bxe4 O-O 12. Qe2 Qe7 13. Rd1 Rad8 14. Bd2 f5
15. Bc2 Nf6 16. Ba5 Rc8 17. Bb3 Ne4 18. Ne5 a6 19. f3 Nf6 20. Nd3 Nd7 21. Rac1
Kh8 22. f4 c5 23. dxc5 Nxc5 24. Nxc5 Bxc5 25. Bc3 Rfd8 1/2-1/2

[Event "BL 1415 SG Solingen - SG Turm Trier"]
[Site "?"]
[Date "2015.04.11"]
[Round "14.8"]
[White "Wegerle, Joerg"]
[Black "Yankelevich, Lev"]
[Result "1-0"]
[WhiteElo "2426"]
[BlackElo "2413"]
[PlyCount "117"]
[EventDate "2015.??.??"]

1. d4 Nf6 2. Nf3 g6 3. Nc3 d5 4. Bf4 Bg7 5. e3 O-O 6. Be2 c5 7. O-O cxd4 8.
exd4 Nc6 9. Ne5 Qb6 10. Nxc6 Qxc6 11. Bb5 Qb6 12. a4 Qa5 13. Qd2 Kh8 14. Rfe1
a6 15. Bd3 Be6 16. Be5 Rac8 17. Ra3 Rfd8 18. Rb1 Rd7 19. Qe1 Qb4 20. a5 b5 21.
Rba1 Bf5 22. Rb3 Qxb3 23. cxb3 Bxd3 24. Na2 Bf5 25. Nb4 Ra7 26. Rc1 Rca8 27. f3
Be6 28. g4 Bh6 29. Rc6 Kg8 30. Kg2 Nd7 31. Bg3 Bg7 32. Qc3 Nf8 33. Rb6 Rc8 34.
Nc6 Rd7 35. Rxa6 f5 36. g5 h6 37. h4 hxg5 38. hxg5 f4 39. Bxf4 Bf5 40. Qe3 Ne6
41. Be5 Bxe5 42. Nxe5 Rc2+ 43. Kg3 Ng7 44. Ng4 Nh5+ 45. Kh4 Kh7 46. Re6 Bxe6
47. Qxe6 Rcc7 48. Ne5 Rd6 49. Qf7+ Ng7 50. f4 Rc1 51. Qxe7 Re6 52. Qb7 Re8 53.
Qf7 Rec8 54. Qxg6+ Kg8 55. Qf7+ Kh8 56. Ng6+ Kh7 57. Ne7 Rh1+ 58. Kg3 Rcc1 59.
Qg8# 1-0

[Event "BL 1415 Hamburger SK - SC Eppingen"]
[Site "?"]
[Date "2015.04.12"]
[Round "15.2"]
[White "Kempinski, Robert"]
[Black "Braun, Arik"]
[Result "1/2-1/2"]
[WhiteElo "2653"]
[BlackElo "2559"]
[PlyCount "66"]
[EventDate "2015.??.??"]

1. d4 Nf6 2. c4 e6 3. Nc3 d5 4. Nf3 c6 5. e3 Nbd7 6. Bd3 dxc4 7. Bxc4 b5 8. Bd3
a6 9. a4 Bb7 10. Qe2 b4 11. Ne4 c5 12. Nxf6+ Nxf6 13. dxc5 Bxc5 14. O-O Qd5 15.
Rd1 Qh5 16. Nd4 Qxe2 17. Bxe2 Ke7 18. a5 Rhc8 19. f3 Nd5 20. Kf2 f5 21. g3 Ba7
22. Bd3 g6 23. Ke2 e5 24. Nb3 e4 25. fxe4 fxe4 26. Bb1 Rab8 27. Nd4 Bxd4 28.
exd4 Kd6 29. Bh6 Rc7 30. Ba2 Rbc8 31. Rac1 Rc2+ 32. Rxc2 Rxc2+ 33. Rd2 Rc1
1/2-1/2

[Event "BL 1415 Hamburger SK - SC Eppingen"]
[Site "?"]
[Date "2015.04.12"]
[Round "15.3"]
[White "Breder, Dennis"]
[Black "Svane, Rasmus"]
[Result "1/2-1/2"]
[WhiteElo "2467"]
[BlackElo "2513"]
[PlyCount "115"]
[EventDate "2015.??.??"]

1. e4 c6 2. d4 d5 3. exd5 cxd5 4. Bd3 Nc6 5. c3 Qc7 6. h3 Nf6 7. Na3 a6 8. Nc2
g6 9. Qf3 Bg7 10. Bf4 Qd7 11. Qe2 Qe6 12. Ne3 O-O 13. Bh2 b5 14. a3 Ne4 15.
Nxd5 Nxf2 16. Nxe7+ Qxe7 17. Kxf2 Qd8 18. Re1 Be6 19. Nf3 Re8 20. Qe4 Qd7 21.
Qf4 Na5 22. Qc7 Nc4 23. Re2 Qxc7 24. Bxc7 Bd5 25. Rhe1 Rxe2+ 26. Rxe2 f6 27.
Bf4 Kf7 28. g4 Re8 29. Rxe8 Kxe8 30. Bc1 Kf7 31. h4 Be6 32. g5 f5 33. Ne1 Bf8
34. Ng2 Bd6 35. Bxc4 Bxc4 36. Bf4 Be7 37. Be5 Ke6 38. Ke3 Kd7 39. Kf4 a5 40. b4
axb4 41. axb4 Bd5 42. Ne3 Ke6 43. Nf1 Bg2 44. Ne3 Bd5 45. Kg3 Bf8 46. Kf2 Be7
47. Ke2 Bd8 48. Kd3 Be4+ 49. Kd2 Bd5 50. Nc2 Be7 51. Bf4 Be4 52. Ne3 Bd5 53.
Ke2 Bd8 54. Kf2 Be7 55. Kg3 Bd8 56. Bb8 Bb6 57. Kf4 Bd8 58. Be5 1/2-1/2

[Event "BL 1415 Hamburger SK - SC Eppingen"]
[Site "?"]
[Date "2015.04.12"]
[Round "15.4"]
[White "Ftacnik, Lubomir"]
[Black "Mann, Christian  Dr"]
[Result "1/2-1/2"]
[WhiteElo "2555"]
[BlackElo "2438"]
[PlyCount "82"]
[EventDate "2015.??.??"]

1. c4 Nc6 2. Nc3 Nf6 3. d4 d5 4. Nf3 dxc4 5. Bg5 a6 6. d5 Na5 7. Qa4+ c6 8. b4
cxb3 9. axb3 e6 10. Bd2 Nxd5 11. Nxd5 Nxb3 12. Qxb3 exd5 13. Ba5 Qd6 14. e3 b5
15. Be2 Be7 16. O-O O-O 17. Rfd1 Be6 18. Qc2 c5 19. Bd3 g6 20. e4 d4 21. e5 Qd7
22. Be4 Bf5 23. Bxf5 Qxf5 24. Qxf5 gxf5 25. Bc7 Rfc8 26. Bd6 Bxd6 27. exd6 Rc6
28. Rdc1 d3 29. Nd4 Rxd6 30. Nxb5 Rd7 31. Nc3 c4 32. Kf1 Rb8 33. Ra4 Rd4 34.
Nd1 d2 35. Rc3 Re4 36. Re3 c3 37. Ra2 Ra4 38. Rc2 Ra1 39. Ke2 Rxd1 40. Rexc3
Rg1 41. Rg3+ Kf8 1/2-1/2

[Event "BL 1415 Hamburger SK - SC Eppingen"]
[Site "?"]
[Date "2015.04.12"]
[Round "15.5"]
[White "Noe, Christopher"]
[Black "Lampert, Jonas"]
[Result "0-1"]
[WhiteElo "2368"]
[BlackElo "2458"]
[PlyCount "74"]
[EventDate "2015.??.??"]

1. c4 e5 2. Nc3 Nf6 3. g3 c6 4. d4 exd4 5. Qxd4 Na6 6. Bg2 d5 7. cxd5 Nb4 8.
Qd1 Nbxd5 9. Nxd5 Nxd5 10. Nf3 Bb4+ 11. Bd2 Qe7 12. O-O Bxd2 13. Qxd2 O-O 14.
Nd4 Bg4 15. e4 Qb4 16. Qg5 Qxd4 17. Qxg4 Nf6 18. Qe2 Rfe8 19. Rad1 Qc5 20. Rfe1
Re7 21. Kh1 Rae8 22. f3 Nd7 23. f4 Nf8 24. Rd3 Qa5 25. a3 Ne6 26. b4 Qb5 27.
Qd2 a5 28. Rd1 axb4 29. axb4 Ra8 30. e5 Ree8 31. Rd7 Ra4 32. f5 Nf8 33. e6 fxe6
34. Rxg7+ Kxg7 35. Qg5+ Kh8 36. Qf6+ Kg8 37. Be4 Qe2 0-1

[Event "BL 1415 Hamburger SK - SC Eppingen"]
[Site "?"]
[Date "2015.04.12"]
[Round "15.6"]
[White "Heinemann, Thies"]
[Black "Reimold, Jonas"]
[Result "1-0"]
[WhiteElo "2461"]
[BlackElo "2032"]
[PlyCount "77"]
[EventDate "2015.??.??"]

1. e4 e5 2. Nf3 Nf6 3. Nc3 Bb4 4. Nxe5 d6 5. Nd3 Bxc3 6. dxc3 Nxe4 7. Be2 O-O
8. O-O Nc6 9. Re1 Bf5 10. f3 Nc5 11. Be3 Nxd3 12. cxd3 Qf6 13. Qd2 Rfe8 14. Bf1
Qg6 15. Kh1 Re7 16. d4 Rae8 17. d5 Ne5 18. Bg1 a6 19. b4 f6 20. a4 Qf7 21. a5
Bd7 22. c4 Ng6 23. Rxe7 Rxe7 24. b5 Qe8 25. bxa6 bxa6 26. Qb4 Nf4 27. Qd2 Ng6
28. Bf2 Ne5 29. Qc3 Qb8 30. c5 Bb5 31. Rb1 Kf7 32. Bxb5 axb5 33. Qb3 b4 34. Bg1
Qa8 35. cxd6 cxd6 36. Qxb4 Nd3 37. Qc4 Ne5 38. Qb5 Ra7 39. Bxa7 1-0

[Event "BL 1415 Hamburger SK - SC Eppingen"]
[Site "?"]
[Date "2015.04.12"]
[Round "15.7"]
[White "Hahn, Cedric"]
[Black "Carlstedt, Jonathan"]
[Result "0-1"]
[WhiteElo "1959"]
[BlackElo "2468"]
[PlyCount "82"]
[EventDate "2015.??.??"]

1. d4 Nf6 2. c4 e6 3. Nc3 Bb4 4. Bd2 O-O 5. Nf3 c5 6. a3 Bxc3 7. Bxc3 Ne4 8.
Qc2 Nxc3 9. bxc3 d6 10. e4 cxd4 11. cxd4 e5 12. Be2 Bg4 13. dxe5 Bxf3 14. Bxf3
Qa5+ 15. Qd2 Qxd2+ 16. Kxd2 dxe5 17. Kc3 Nc6 18. Rab1 b6 19. Rb5 Rac8 20. Rd1
Rfd8 21. Rxd8+ Rxd8 22. Rd5 Kf8 23. Rxd8+ Nxd8 24. c5 Ne6 25. cxb6 axb6 26. Kc4
Nc7 27. Bg4 Ke7 28. a4 Kd6 29. g3 f6 30. Bh3 Kc6 31. f3 g6 32. Bc8 Ne8 33. Be6
f5 34. Bd5+ Kd6 35. Kb5 Nc7+ 36. Kc4 Nxd5 37. exd5 g5 38. g4 f4 39. h3 h6 40.
Kc3 Kxd5 41. Kd3 e4+ 0-1

[Event "BL 1415 Hamburger SK - SC Eppingen"]
[Site "?"]
[Date "2015.04.12"]
[Round "15.8"]
[White "Groetzbach, Julian"]
[Black "Bay, Nicolai"]
[Result "1-0"]
[WhiteElo "2166"]
[BlackElo "1969"]
[PlyCount "103"]
[EventDate "2015.??.??"]

1. e4 c5 2. Nf3 d6 3. Bb5+ Nd7 4. O-O Ngf6 5. Re1 e5 6. c3 a6 7. Bf1 Be7 8. d4
O-O 9. a4 b6 10. Nbd2 Bb7 11. d5 Qc7 12. Nc4 Rfe8 13. Qc2 Bf8 14. b3 g6 15. g3
Bg7 16. h4 h6 17. Ne3 Nf8 18. Nh2 Bc8 19. Bd3 Bd7 20. Qe2 Rab8 21. Neg4 Nxg4
22. Nxg4 h5 23. Nh6+ Bxh6 24. Bxh6 b5 25. Bc2 Nh7 26. Ra2 Qa5 27. Bd2 Rb7 28.
b4 Qc7 29. axb5 axb5 30. Rea1 c4 31. Be3 Reb8 32. Ra6 Be8 33. f4 f6 34. Kh2 Qe7
35. Qf2 Nf8 36. f5 gxf5 37. exf5 Rd8 38. Rg1 Kh8 39. g4 hxg4 40. Rxg4 Bh5 41.
Rg1 Qh7 42. Qg3 Bf7 43. Be4 Be8 44. Ra2 Nd7 45. Bh6 Nb6 46. Rag2 Rdd7 47. Qg8+
Qxg8 48. Rxg8+ Kh7 49. Rxe8 Kxh6 50. Rh8+ Rh7 51. Rg6+ Kh5 52. Kh3 1-0

[Event "BL 1415 SSC Rostock - OSG Baden Baden"]
[Site "?"]
[Date "2015.04.12"]
[Round "15.3"]
[White "Shirov, Alexei"]
[Black "Szelag, Marcin"]
[Result "1-0"]
[WhiteElo "2691"]
[BlackElo "2436"]
[PlyCount "79"]
[EventDate "2015.??.??"]

1. e4 e6 2. d4 d5 3. e5 c5 4. c3 Qb6 5. Nf3 Nc6 6. a3 Nh6 7. b4 cxd4 8. Bxh6
gxh6 9. cxd4 Bd7 10. Ra2 Rg8 11. g3 Rg4 12. Rd2 a5 13. b5 Re4+ 14. Be2 Qxb5 15.
O-O Qb6 16. Bd3 Rg4 17. Bxh7 a4 18. Bc2 Qa5 19. Ne1 Rg7 20. Ng2 b5 21. Nf4 b4
22. Nh5 bxa3 23. Nxa3 Bxa3 24. Nxg7+ Kd8 25. Rd3 Bf8 26. Rf3 Bxg7 27. Rxf7 Bh8
28. Qg4 a3 29. Rh7 a2 30. Qg8+ Kc7 31. Qxe6 Rd8 32. Ra1 Nxd4 33. Qd6+ Kc8 34.
Bd3 Nb5 35. Rc1+ Nc7 36. Rxd7 Rxd7 37. Ba6+ Kb8 38. Qxd7 Qxa6 39. Qxc7+ Ka8 40.
Qd8+ 1-0

[Event "BL 1415 SSC Rostock - OSG Baden Baden"]
[Site "?"]
[Date "2015.04.12"]
[Round "15.6"]
[White "Tomczak, Rafal"]
[Black "Nisipeanu, Liviu-Dieter"]
[Result "0-1"]
[WhiteElo "2358"]
[BlackElo "2651"]
[PlyCount "88"]
[EventDate "2015.??.??"]

1. e4 c5 2. Nf3 e6 3. d4 cxd4 4. Nxd4 Nf6 5. Bd3 Nc6 6. Nxc6 dxc6 7. O-O e5 8.
Nd2 Be6 9. Qe2 Bc5 10. Nf3 Qc7 11. Be3 Bxe3 12. Qxe3 O-O 13. Qc5 Nd7 14. Qc3
Rad8 15. h3 f6 16. Rfd1 Rfe8 17. Nd2 Nf8 18. Nb3 Kh8 19. Bc4 Bc8 20. a4 Ng6 21.
a5 Nf4 22. Qe3 b6 23. Bf1 h6 24. axb6 axb6 25. Rd2 Be6 26. Rad1 Rxd2 27. Nxd2
Rd8 28. Ra1 Qd6 29. Nf3 c5 30. Kh2 Bg8 31. g3 Ne6 32. c3 Ng5 33. Be2 Nxf3+ 34.
Qxf3 Bb3 35. Ra6 Qc6 36. Ra7 Be6 37. Qe3 Qc8 38. h4 Rd6 39. Bb5 Kh7 40. Be2 Qb8
41. Ra6 Qd8 42. Bb5 Rd2 43. b4 Rb2 44. Bc6 Qd1 0-1

[Event "BL 1415 SSC Rostock - OSG Baden Baden"]
[Site "?"]
[Date "2015.04.12"]
[Round "15.7"]
[White "Dautov, Rustem"]
[Black "Jeske, Eckhard"]
[Result "1-0"]
[WhiteElo "2602"]
[BlackElo "2170"]
[PlyCount "61"]
[EventDate "2015.??.??"]

1. d4 Nf6 2. c4 c6 3. Nf3 d5 4. Qc2 g6 5. Bf4 Bg7 6. e3 Bf5 7. Qb3 Qb6 8. Nc3
Qxb3 9. axb3 O-O 10. h3 a6 11. g4 Be4 12. Nxe4 Nxe4 13. Bd3 Nf6 14. Ke2 Re8 15.
Rhc1 e6 16. g5 Nfd7 17. h4 Nf8 18. h5 Nbd7 19. Ra5 Rad8 20. Bc7 Rc8 21. Bd6 Nb6
22. Rh1 Red8 23. Be7 Re8 24. Bd6 Red8 25. c5 Na8 26. Ne5 Bxe5 27. dxe5 Nc7 28.
Ra4 Rd7 29. Rah4 Nb5 30. Bxf8 Rxf8 31. hxg6 1-0

[Event "BL 1415 SSC Rostock - OSG Baden Baden"]
[Site "?"]
[Date "2015.04.12"]
[Round "15.8"]
[White "Jeske, Kirsten"]
[Black "Schlosser, Philipp"]
[Result "0-1"]
[WhiteElo "1972"]
[BlackElo "2575"]
[PlyCount "64"]
[EventDate "2015.??.??"]

1. e4 c5 2. Nf3 e6 3. d4 cxd4 4. Nxd4 a6 5. c4 Nf6 6. Bd3 Nc6 7. Nxc6 dxc6 8.
O-O e5 9. Bg5 Be6 10. Nc3 h6 11. Bh4 Bc5 12. Rb1 Qe7 13. Kh1 Rd8 14. Qc2 O-O
15. Bg3 Bd4 16. f4 exf4 17. Bxf4 Nh5 18. Ne2 Nxf4 19. Nxf4 Bc8 20. Rbd1 Be5 21.
Qf2 Rd6 22. b3 Rfd8 23. Be2 Rxd1 24. Bxd1 Qd6 25. Bh5 Bxf4 26. Qxf4 Qxf4 27.
Rxf4 g6 28. Bf3 Rd2 29. h4 g5 30. Rf6 g4 31. Bxg4 Bxg4 32. Rxh6 Kg7 0-1

[Event "BL 1415 SF Katernberg - Bayern München"]
[Site "?"]
[Date "2015.04.12"]
[Round "15.1"]
[White "Bischoff, Klaus"]
[Black "Volokitin, Andrei"]
[Result "1/2-1/2"]
[WhiteElo "2490"]
[BlackElo "2660"]
[PlyCount "68"]
[EventDate "2015.??.??"]

1. Nf3 f5 2. d4 Nf6 3. g3 g6 4. Bg2 Bg7 5. b4 Nc6 6. a3 d6 7. Bb2 e5 8. b5 Na5
9. dxe5 Ne4 10. Nbd2 Nxd2 11. Nxd2 Bxe5 12. Qb1 c5 13. bxc6 bxc6 14. Bxe5 dxe5
15. Qb4 e4 16. O-O Be6 17. Rfd1 Qc7 18. f3 exf3 19. Nxf3 Bd5 20. Rd4 O-O-O 21.
Qc3 Qb6 22. e3 Rhe8 23. Re1 Re4 24. Bf1 Nb7 25. Ng5 Rxd4 26. exd4 h6 27. Ne6
Re8 28. Bc4 Bxc4 29. Qxc4 Nd6 30. Qb4 Ne4 31. Nc5 Qxb4 32. axb4 Kc7 33. Nxe4
fxe4 34. Kf2 Rf8+ 1/2-1/2

[Event "BL 1415 SF Katernberg - Bayern München"]
[Site "?"]
[Date "2015.04.12"]
[Round "15.2"]
[White "Kryvoruchko, Yuriy"]
[Black "Schenk, Andreas"]
[Result "1-0"]
[WhiteElo "2686"]
[BlackElo "2484"]
[PlyCount "67"]
[EventDate "2015.??.??"]

1. c4 e5 2. Nc3 Nf6 3. g3 Bb4 4. Bg2 O-O 5. Nf3 Re8 6. O-O e4 7. Nd4 Nc6 8. Nc2
Bxc3 9. dxc3 h6 10. Ne3 d6 11. b3 a5 12. a4 Bd7 13. Nd5 Bf5 14. h3 Ne5 15. Be3
b6 16. Qd2 Nfd7 17. Rad1 Bh7 18. f4 exf3 19. exf3 c6 20. f4 Nd3 21. f5 N3e5 22.
Nf4 Bxf5 23. g4 Bh7 24. Nh5 Re6 25. Nf4 Re8 26. Qxd6 Bc2 27. Rd2 Bxb3 28. Bxc6
Nxc6 29. Qxc6 Rxe3 30. Rxd7 Qe8 31. Nd5 Re1 32. Rc7 Qxc6 33. Rxc6 Bxa4 34. Rxe1
1-0

[Event "BL 1415 SF Katernberg - Bayern München"]
[Site "?"]
[Date "2015.04.12"]
[Round "15.3"]
[White "Fedorovsky, Michael"]
[Black "Bok, Benjamin"]
[Result "1/2-1/2"]
[WhiteElo "2448"]
[BlackElo "2559"]
[PlyCount "48"]
[EventDate "2015.??.??"]

1. d4 Nf6 2. c4 e6 3. Nc3 Bb4 4. Qc2 d5 5. cxd5 Qxd5 6. Nf3 Qf5 7. Qxf5 exf5 8.
Bd2 c6 9. e3 h6 10. Bc4 Be6 11. Bxe6 fxe6 12. Ne5 Nbd7 13. Ng6 Rg8 14. Ne4
Bxd2+ 15. Nxd2 Kf7 16. Ne5+ Ke7 17. Ng6+ Kf7 18. Ne5+ Nxe5 19. dxe5 Ne4 20. Nc4
Ke7 21. f3 Ng5 22. O-O-O Rgd8 23. Rxd8 Rxd8 24. Rd1 Rd5 1/2-1/2

[Event "BL 1415 SF Katernberg - Bayern München"]
[Site "?"]
[Date "2015.04.12"]
[Round "15.4"]
[White "Zaragatski, Ilja"]
[Black "Meister, Peter"]
[Result "1-0"]
[WhiteElo "2460"]
[BlackElo "2397"]
[PlyCount "65"]
[EventDate "2015.??.??"]

1. c4 g6 2. d4 Bg7 3. Nf3 d6 4. Nc3 Bg4 5. g3 Bxf3 6. exf3 e6 7. d5 e5 8. c5
dxc5 9. Qb3 b6 10. d6 c6 11. Bc4 Qd7 12. a4 Nf6 13. Bg5 O-O 14. O-O-O Qf5 15.
h4 Qxf3 16. h5 Nbd7 17. h6 Bh8 18. Nd5 cxd5 19. Qxf3 e4 20. Qf4 dxc4 21. Bxf6
Bxf6 22. Qxe4 Ne5 23. Kb1 Rad8 24. Rd2 Rfe8 25. f4 Ng4 26. Qxc4 Ne3 27. Qb5 Nf5
28. d7 Re6 29. Re2 Nd4 30. Rxe6 fxe6 31. Qa6 Rxd7 32. Qc8+ Rd8 33. Qb7 1-0

[Event "BL 1415 SF Katernberg - Bayern München"]
[Site "?"]
[Date "2015.04.12"]
[Round "15.5"]
[White "Stangl, Markus"]
[Black "Trent, Lawrence"]
[Result "1/2-1/2"]
[WhiteElo "2439"]
[BlackElo "2476"]
[PlyCount "80"]
[EventDate "2015.??.??"]

1. Nf3 d6 2. d4 Bg4 3. e4 Nf6 4. Nc3 e6 5. h3 Bh5 6. Qe2 c6 7. g4 Bg6 8. Bg5
Be7 9. Bxf6 Bxf6 10. h4 h6 11. O-O-O Nd7 12. Qe3 Qb6 13. h5 Bh7 14. g5 hxg5 15.
Nxg5 e5 16. Ne2 Qa5 17. Nxh7 Rxh7 18. Qb3 exd4 19. Nxd4 Nc5 20. Qc4 Kf8 21. Rh3
Re8 22. f3 d5 23. Nb3 dxc4 24. Nxa5 c3 25. b4 Ne6 26. Rd7 Bg5+ 27. Kb1 Rd8 28.
Rxd8+ Nxd8 29. a4 Rh6 30. Ka2 Rd6 31. f4 Bxf4 32. Rxc3 Ke7 33. Rf3 Rf6 34. Nc4
Bc7 35. Nd2 Ne6 36. Bh3 Rxf3 37. Nxf3 Nf4 38. Bg4 a5 39. Kb3 Ne2 40. Bc8 b6
1/2-1/2

[Event "BL 1415 SF Katernberg - Bayern München"]
[Site "?"]
[Date "2015.04.12"]
[Round "15.6"]
[White "Siebrecht, Sebastian"]
[Black "Renner, Christoph"]
[Result "1-0"]
[WhiteElo "2455"]
[BlackElo "2351"]
[PlyCount "61"]
[EventDate "2015.??.??"]

1. d4 f5 2. g3 Nf6 3. Bg2 d6 4. b3 g6 5. Bb2 Bg7 6. Nf3 O-O 7. O-O Ne4 8. Nbd2
Nc6 9. e3 Nxd2 10. Nxd2 e5 11. d5 Ne7 12. b4 g5 13. f4 gxf4 14. exf4 Ng6 15. c4
Bd7 16. Nb3 Qe7 17. Qd2 h5 18. c5 h4 19. Rae1 hxg3 20. hxg3 Qf7 21. Bf3 Bh6 22.
Rf2 Qg7 23. Rg2 Rae8 24. c6 bxc6 25. dxc6 Be6 26. Qf2 Qf7 27. Qd2 Kh7 28. Rh2
Qg7 29. Kf2 Rh8 30. Rxh6+ Qxh6 31. Rh1 1-0

[Event "BL 1415 SF Katernberg - Bayern München"]
[Site "?"]
[Date "2015.04.12"]
[Round "15.7"]
[White "Zajogin, Alexander"]
[Black "Scholz, Christian Dr"]
[Result "1/2-1/2"]
[WhiteElo "2376"]
[BlackElo "2364"]
[PlyCount "68"]
[EventDate "2015.??.??"]

1. d4 Nf6 2. c4 g6 3. Nc3 Bg7 4. e4 d6 5. Be2 O-O 6. Bg5 Na6 7. Qd2 e5 8. d5 c6
9. f3 h6 10. Be3 cxd5 11. cxd5 Kh7 12. g4 Bd7 13. h4 h5 14. Nh3 Nc5 15. Nf2 a5
16. Nb5 Qb6 17. Na3 Rfc8 18. Nc4 Qc7 19. Bg5 b5 20. Ne3 a4 21. Rc1 Qa5 22. Rc3
a3 23. Rxa3 Qxd2+ 24. Kxd2 Rxa3 25. bxa3 hxg4 26. Bxf6 Bxf6 27. fxg4 Kg7 28. g5
Bd8 29. Bg4 Bxg4 30. Nexg4 Ra8 31. Rb1 Rxa3 32. Rxb5 Rxa2+ 33. Ke3 Ra3+ 34. Ke2
Rb3 1/2-1/2

[Event "BL 1415 SF Katernberg - Bayern München"]
[Site "?"]
[Date "2015.04.12"]
[Round "15.8"]
[White "Heinz, Timothee"]
[Black "Zwanzger, Johannes"]
[Result "1/2-1/2"]
[WhiteElo "2343"]
[BlackElo "2286"]
[PlyCount "75"]
[EventDate "2015.??.??"]

1. c4 e5 2. g3 Nf6 3. Bg2 d5 4. cxd5 Nxd5 5. Nc3 Nb6 6. e3 Nc6 7. Nge2 Be7 8.
O-O O-O 9. f4 f6 10. d4 exd4 11. Nxd4 Nxd4 12. exd4 c6 13. f5 Bd7 14. d5 cxd5
15. Nxd5 Bc5+ 16. Be3 Ba4 17. b3 Bxe3+ 18. Nxe3 Qe7 19. Nd5 Qc5+ 20. Rf2 Bc6
21. Rc1 Qd6 22. Nxb6 Qxd1+ 23. Rxd1 axb6 24. Bxc6 bxc6 25. Rd6 Rfc8 26. Rc2 b5
27. Rdxc6 Rxc6 28. Rxc6 Rxa2 29. Rb6 Ra1+ 30. Kg2 Ra2+ 31. Kh3 h5 32. Rxb5 Rb2
33. g4 hxg4+ 34. Kg3 Kh7 35. Rb8 g6 36. Kxg4 Rxh2 37. Rb7+ Kh6 38. fxg6 1/2-1/2

[Event "BL 1415 Hansa Dortmund - Schwäbisch Ha"]
[Site "?"]
[Date "2015.04.12"]
[Round "15.3"]
[White "Gharamian, Tigran"]
[Black "Henrichs, Thomas"]
[Result "1-0"]
[WhiteElo "2645"]
[BlackElo "2469"]
[PlyCount "46"]
[EventDate "2015.??.??"]

1. e4 d6 2. d4 Nf6 3. Nc3 g6 4. f4 Bg7 5. Nf3 O-O 6. e5 Nfd7 7. Bc4 Nb6 8. Bb3
Nc6 9. a4 a5 10. h3 Nb4 11. O-O c6 12. Ne4 N4d5 13. Qe1 Kh8 14. Qh4 f6 15. Bd2
Be6 16. Rae1 Qd7 17. Kh1 Bg8 18. Qg3 fxe5 19. fxe5 Nb4 20. Nfg5 Rxf1+ 21. Rxf1
dxe5 22. Qh4 h5 23. g4 Bxb3 1-0